Môi trường và tài nguyên sinh vật khu đa dạng sinh học rừng ngập mặn Cà Mau

Sách trình bày sơ lược về điều kiện tự nhiên khu đa dạng sinh học rừng ngập mặn Cà Mau, hiện trạng đất, hiện trạng môi trường nước và thuỷ sinh vật, hệ thực vật rừng ngập mặn, hệ côn trùng và hệ động vật trên cạn....

Full beskrivning

Sparad:
Bibliografiska uppgifter
Huvudupphovsman: Nguyễn, Văn Bé
Materialtyp: Bok
Språk:Undetermined
Publicerad: Hà Nội Nông nghiệp 2009
Ämnen:
Taggar: Lägg till en tagg
Inga taggar, Lägg till första taggen!
Thư viện lưu trữ: Trung tâm Học liệu Trường Đại học Cần Thơ
LEADER 01076nam a2200205Ia 4500
001 CTU_156595
008 210402s9999 xx 000 0 und d
020 |c 25000 
082 |a 363.7 
082 |b B200 
100 |a Nguyễn, Văn Bé 
245 0 |a Môi trường và tài nguyên sinh vật khu đa dạng sinh học rừng ngập mặn Cà Mau 
245 0 |c Nguyễn Văn Bé (Chủ biên ) 
260 |a Hà Nội 
260 |b Nông nghiệp 
260 |c 2009 
520 |a Sách trình bày sơ lược về điều kiện tự nhiên khu đa dạng sinh học rừng ngập mặn Cà Mau, hiện trạng đất, hiện trạng môi trường nước và thuỷ sinh vật, hệ thực vật rừng ngập mặn, hệ côn trùng và hệ động vật trên cạn. 
650 |a Environmental policy,Environmental protection,Chính sách môi trường,Bảo vệ môi trường 
904 |i Thi 
980 |a Trung tâm Học liệu Trường Đại học Cần Thơ